|
|
|
|
| LEADER |
01754cas a2200265 a 4500 |
| 001 |
AALejournalIMF003103 |
| 008 |
230101c9999 xx r poo 0 0eng d |
| 020 |
|
|
|c 5.00 USD
|
| 020 |
|
|
|z 9781451856217
|
| 022 |
|
|
|a 1018-5941
|
| 040 |
|
|
|a BD-DhAAL
|c BD-DhAAL
|
| 100 |
1 |
|
|a Takizawa, H.
|
| 245 |
1 |
0 |
|a Are Developing Countries Better Off Spending Their Oil Wealth Upfront? /
|c H. Takizawa, E. Gardner, Kenichi Ueda.
|
| 264 |
|
1 |
|a Washington, D.C. :
|b International Monetary Fund,
|c 2004.
|
| 300 |
|
|
|a 1 online resource (29 pages)
|
| 490 |
1 |
|
|a IMF Working Papers
|
| 500 |
|
|
|a <strong>Off-Campus Access:</strong> No User ID or Password Required
|
| 500 |
|
|
|a <strong>On-Campus Access:</strong> No User ID or Password Required
|
| 506 |
|
|
|a Electronic access restricted to authorized BRAC University faculty, staff and students
|
| 520 |
3 |
|
|a We question the conventional view that it is optimal for government to maintain a stable level of spending out of oil wealth. We compare this conventional policy recommendation with one where government spends all of its oil revenues upfront, at the same rate as oil is extracted. Using a neoclassical growth model with positive external effects of public spending on consumption and productivity, we find that, if the economy is growing along the steady-state balanced path, the conventional view is validated. However, if the economy starts with a lower capital stock, the welfare ranking across two policies can be reversed.
|
| 538 |
|
|
|a Mode of access: Internet
|
| 700 |
1 |
|
|a Gardner, E.
|
| 700 |
1 |
|
|a Ueda, Kenichi.
|
| 830 |
|
0 |
|a IMF Working Papers; Working Paper ;
|v No. 2004/141
|
| 856 |
4 |
0 |
|z Full text available on IMF
|u http://elibrary.imf.org/view/journals/001/2004/141/001.2004.issue-141-en.xml
|z IMF e-Library
|